| 000 | 01234nam a2200241 a 4500 | ||
|---|---|---|---|
| 003 | OSt | ||
| 005 | 20210802103945.0 | ||
| 008 | 921230s1987 sp grb 000 0 spa | ||
| 040 |
_aDLC _cCO-JMCR |
||
| 041 | 0 | _aspa | |
| 082 | 0 | 4 |
_a332.10460 / _bR288r _223 |
| 110 | 2 |
_aReal Academia de Ciencias Morales y Políticas _938951 |
|
| 245 | 1 | 0 |
_aReflexiones sobre la banca / _cReal Academia de Ciencias Morales y Políticas ; José Angel Sánchez Asiaín. |
| 260 |
_aMadrid : _bReal Academia de Ciencias Morales y Políticas, _c1987. |
||
| 300 |
_a144 páginas ; _c24 cm. |
||
| 500 | _aDiscurso del académico de número Excmo. Sr. D. José Angel Sáchez Asianín y contestación Excmo. Sr. D Enrique Fuentes Quintana. "Sesión del 26 de Mayo de 1987" | ||
| 505 | 0 | _aLas función de la banca en el sistema económico. Su proceso de formación y elementos definitorios. -- Las transformaciones estructurales del mundo financiero. -- La nueva frontera. -- Del ayer al mañana. Una reflexión final. | |
| 650 | 1 | 4 |
_aFunciones de la banca _938952 |
| 650 | 2 | 4 |
_aFunciones bancarias _vRiesgos _938953 |
| 650 | 2 | 4 |
_aFunciones bancarias _vtiempo y confianza _938954 |
| 700 | 2 |
_aSánchez Asiaín, José Angel, _ecoautor _938955 |
|
| 942 |
_2ddc _cBK |
||
| 999 |
_c12050 _d12050 |
||